000 00432nam a2200169Ia 4500
003 GCL
008 140319s9999 xx 000 0 eng d
040 _aGCL /
_cGCL
082 0 4 _a428.64
_bC T
100 1 _aCLARKE, DAVID
245 1 0 _aTALK ABOUT LITERATURE /
_cCLARKE, DAVID
260 _a[S.N] :
_bDIVISION OF HODDER & STOUGHTON ،
_c1989
300 _a116 P
650 0 4 _aLITERATURE
650 0 4 _aCHILDHOOD
942 _2ddc
_cBK
999 _c16735
_d16735